Muskeln Körper - Statistiken

Allgemein
  • Dieses Quiz wurde 44 mal gespielt
  • Das Durchschnittsergebnis liegt bei 3 aus 24
Antwortstatistiken
Wo zu finden? Antwort % Korrekt
Oberschenkel Rückseite Hamstring
92%
Po M. gluteus maximus
17%
Komponenten biceps femoris
14%
semitendinosus
14%
Ursprung Sitzbein
11%
Ansatz Unterschenkelknochen
11%
Aussenrotation
8%
Ursprung Darmbein
8%
Funktionen Extension
8%
Ansatz Kniescheibe
8%
Oberschenkel Oberseite M. quadriceps femoris
8%
Oberschenkelknochen
8%
Streckung Hüfte
8%
Funktionen Streckung Knie
8%
Funktionen Streckung Knie
8%
Abduktion Hüfte
6%
Beugung Hüfte
6%
Ursprung Darmbein, Kreuzbein, Steissbein
6%
Ansatz Oberschenkelknochen
6%
Komponenten Rectus femoris
6%
seminenbranosus
6%
Vastus lateralis
6%
Vastus medialis
6%
Vastus intermedius
3%
Keine übereinstimmenden Quizze gefunden
Verteilung der Resultate
Anzahl Personen mit jedem Resultat
Perzentil nach korrekt beantworteten Fragen
Ihre Resultats-Entwicklung
Sie haben dieses Quiz noch nicht gespielt